[Event "Bergen Grand Prix"]
[Site "Bergen"]
[Date "2010.11.27"]
[Round "2"]
[White "Solli, Oddvar"]
[Black "Satre, Mathias"]
[Result "1-0"]
[WhiteElo "1640"]
[BlackElo "1488"]
[PlyCount "83"]
[EventDate "2010.11.26"]
[EventType "swiss"]
[EventRounds "5"]
[EventCountry "NOR"]
[SourceTitle "EXT 2024"]
[Source "ChessBase"]
[SourceDate "2023.10.10"]
[SourceVersion "1"]
[SourceVersionDate "2023.10.10"]
[SourceQuality "1"]

1. Nf3 Nf6 2. c4 g6 3. g3 Bg7 4. Bg2 0-0 5. 0-0 d6 6. d4 Bg4 7. Nc3 Nbd7 8. Nd2 Nb6 9. Bxb7 Rb8 10. Bg2 Qd7 11. b3 Nh5 12. Nf3 c5 13. Be3 cxd4 14. Bxd4 e5 15. Be3 f5 16. Rc1 f4 17. gxf4 Nxf4 18. Bxf4 Rxf4 19. Ng5 Bh6 20. Nge4 Bh3 21. Qxd6 Qxd6 22. Nxd6 Rg4 23. f3 Rxg2+ 24. Kh1 Bxc1 25. Rxc1 Rd8 26. c5 Nc8 27. Nde4 Ne7 28. b4 Nf5 29. b5 Ne3 30. a4 Rb8 31. a5 Bf5 32. c6 Bxe4 33. fxe4 Rf2 34. c7 Rc8 35. b6 axb6 36. axb6 Rff8 37. Nd5 Ra8 38. b7 Rae8 39. Nxe3 Rf2 40. c8Q Ref8 41. Qe6+ R2f7 42. Rc8 1-0